The study of games (Registro nro. 317077)

Detalles MARC
000 -ENCABEZADO
Número de control [NR] 01496 a2200241 4500
005 - FECHA Y HORA DE LA ÚLTIMA TRANSACCIÓN
control field 20200406082853.0
008 - DE LONGITUD FIJA DE DATOS DE ELEMENTOS - INFORMACIÓN GENERAL
Elementos de longitud fija [NR] 200225s1971 xxu |||fr|||| 00| 0 spa d
020 ## - NUMERO INTERNACIONAL NORMALIZADO PARA LIBROS [R]
Número Internacional Normalizado del libro [NR] 9784871874168
040 ## - FUENTE DE CATALOGACION [NR]
Agencia de catalogación original [NR] CO-BoUCM
Idioma de catalogación [NR] spa
Quien Cataloga Deissy Garcia
Quien Clasifica Deissy Garcia
041 0# - CODIGO DE IDIOMA [R]
Código de idioma para texto/pista de sonido o título separado [R] Inglés
100 1# - ASIENTO PRINCIPAL--NOMBRE PERSONAL [NR]
Nombre personal [NR] Avedon, Elliott M.
ID Autoridad 99874
245 14 - MENCION DE TITULO [NR]
Título [NR] The study of games
Mención de responsabilidad, etc. [NR] Elliott M. Avedon, Brian Sutton-Smith
260 ## - PUBLICACION, DISTRIBUCION, ETC. (PIE DE IMPRENTA) [R]
Lugar de publicación, distribución, etc. [R] Nueva York
Nombre del editor, distribuidor, etc. [R] ISHI PRESS
Fecha de publicación, distribución, etc. [R] 1971
300 ## - DESCRIPCION FISICA [R]
Extensión [R] xiv, 530 páginas
Dimensiones [R] 23 cm
504 ## - NOTA DE BIBLIOGRAFIA, ETC. [R]
Nota de bibliografía, etc. [NR] Incluye referencias bibliográficas e índices
520 3# - NOTA DE RESUMEN, ETC. [R]
Nota de sumario, etc. [NR] This is a comprehensive study of all games, board games, card games, strategy games, children's games and sporting games such as baseball. What is the history of games? Why do people play games? The authors, Elliott Morton Avedon and Brian Sutton-Smith are recognized authorities on the study of games. Elliott Morton Avedon is the author of “Therapeutic Recreation Service: An Applied Behavioural Approach”. Brian Sutton-Smith is focused on children's games, adult games, children's play, children's drama, films and narratives, as well as children's gender issues and sibling position. Brian Sutton-Smith is the author of some 50 books and some 350 scholarly articles on games.
650 17 - ASIENTO SECUNDARIO DE MATERIA - TERMINO TEMATICO [R]
9 (RLIN) 25291
Término temático o nombre geográfico como elemento de entrada [NR] Teoría de los juegos
650 17 - ASIENTO SECUNDARIO DE MATERIA - TERMINO TEMATICO [R]
Término temático o nombre geográfico como elemento de entrada [NR] Juegos educativos
9 (RLIN) 18131
650 10 - ASIENTO SECUNDARIO DE MATERIA - TERMINO TEMATICO [R]
Término temático o nombre geográfico como elemento de entrada [NR] Juegos
9 (RLIN) 99876
Subdivisión general [R] Investigaciones
700 1# - ASIENTO SECUNDARIO - NOMBRE PERSONAL [R]
9 (RLIN) 99875
Nombre personal [NR] Sutton-Smith, Brian,
942 ## - ELEMENTOS DE ENTRADA AGREGADOS (KOHA)
Tipo de ítem principal el descrito en 300a Libro
Sistema de clasificación DEWEY
Tema principal Sociología
Edición 20
Clasificación 306.487
Parte restante de la signatura top. A948s
Existencias
Fecha de último préstamo Total préstamos Total Renewals Signatura topográfica Código de barras Última vez visto Ejemplar Costo de reposición Price effective from Tipo de ítem Perdido Sistema de clasificación Dañado No prestable Tipo de ítem específico Suprimido Ubicación habitual Ubicación actual Localización Fecha de creación Proveedor Forma de adquisición Costo
27/02/2020 1 1 306.487 A948s 100165940 10/03/2026 Ej.1 153900.00 19/02/2020 Libro   DEWEY     Libro   Quinta de Mutis Quinta de Mutis Mezanecs 19/02/2020 37 Compra 153900.00